Příručka pro uživatele vědeckých informací 4 Ekonomické vědy. Ekonomika

Guardado en:
Detalles Bibliográficos
Autor principal: Špreňar, Oldřich
Formato: Libro
Lenguaje:checo
Publicado: Praha Základní knihovna, Ústředí věd. inf. ČSAV 1986
Edición:1. vyd.
Colección:Vědecké informace ČSAV
Etiquetas: Agregar Etiqueta
Sin Etiquetas, Sea el primero en etiquetar este registro!

MARC

LEADER 00000nam a2200000 4500
001 c023823
005 20221220072517.1
041 0 |a cze 
044 |a CZ 
245 1 0 |a Příručka pro uživatele vědeckých informací 4  |b Ekonomické vědy. Ekonomika  |c Oldřich Špreňar 
250 |a 1. vyd. 
264 1 |a Praha  |b Základní knihovna, Ústředí věd. inf. ČSAV  |c 1986 
300 |a 333 s. 
490 1 |a Vědecké informace ČSAV 
830 0 |a Vědecké informace ČSAV 
100 1 |a Špreňar, Oldřich